Ładuje się......

വരിനെല്ല് /

Opis bibliograficzny
1. autor: ഒളപ്പമണ്ണ, 1923-2000
Format: Printed Book
Język:Malayalam
Wydane: കോട്ടയം : ഡി.സി.ബുക്‌സ് , 1993.
Hasła przedmiotowe:
LEADER 00644nam a2200169Ia 4500
008 111204s1993 ii 000 p mal d
041 |a mal 
082 |a 851.851 
100 0 |a ഒളപ്പമണ്ണ,  |9 1579875  |d 1923-2000 
245 |a വരിനെല്ല് /  |c ഒളപ്പമണ്ണ 
246 |a Varinellu 
260 |b ഡി.സി.ബുക്‌സ് ,   |a കോട്ടയം :  |c 1993. 
300 |a 88pages. 
653 |a Malayalam poetry 
942 |c BK 
999 |c 207554  |d 207554 
952 |0 0  |1 0  |2 ddc  |4 0  |6 851_851000000000000_VAR  |7 0  |9 229546  |a MAL  |b MAL  |c ST1  |d 2011-12-05  |g 22.00  |l 0  |o 851.851 VAR  |p MAL23085  |r 2011-12-05  |v 22.00  |w 2011-12-05  |y BK